Statistics for Capitals of Europe - West to East

Click here to take the quiz!

General Stats

  • This quiz has been taken 246 times
  • The average score is 29 of 45

Answer Stats

LongitudeCapital% Correct
9° 08' WLisbon
99%
0° 08' WLondon
98%
6° 16' WDublin
97%
3° 41' WMadrid
97%
21° 56' WReykjavik
92%
2° 21' EParis
88%
4° 21' EBrussels
85%
4° 54' EAmsterdam
84%
6° 08' ELuxembourg
82%
1° 30' EAndorra la Vella
79%
7° 27' EBern
76%
7° 25' EMonaco
74%
10° 45' EOslo
74%
9° 31' EVaduz
73%
12° 30' ERome
72%
13° 23' EBerlin
70%
37° 37' EMoscow
69%
12° 34' ECopenhagen
68%
12° 27' EVatican City
66%
14° 25' EPrague
63%
30° 31' EKiev
63%
12° 27' ESan Marino
62%
16° 22' EVienna
59%
27° 34' EMinsk
57%
15° 59' EZagreb
57%
18° 04' EStockholm
56%
17° 07' EBratislava
55%
14° 31' ELjubljana
55%
28° 55' EChisinau
55%
21° 01' EWarsaw
54%
24° 06' ERiga
52%
19° 03' EBudapest
52%
23° 43' EAthens
52%
20° 28' EBelgrade
50%
19° 49' ETirana
50%
21° 26' ESkopje
50%
23° 20' ESofia
50%
24° 45' ETallinn
50%
25° 17' EVilnius
50%
26° 06' EBucharest
50%
24° 56' EHelsinki
49%
19° 16' EPodgorica
49%
21° 10' EPristina
48%
14° 31' EValletta
48%
18° 21' ESarajevo
47%

Score Distribution

Percentile by Number Answered

Percent of People with Each Score

Your Score History

You have not taken this quiz